| 000 | 02345nam a2200469 c 4500 | ||
|---|---|---|---|
| 003 | BLK | ||
| 005 | 20180420230528.0 | ||
| 008 | 180409b bul|||||r ||||||| ||bul|| | ||
| 010 | _aKNG00113347000 | ||
| 020 |
_a954-730-190-Х _bиздат.: Сиби |
||
| 040 | _aBLK | ||
| 041 |
_aBUL _cBUL |
||
| 080 |
_aОсновни задачи на общественото управление _b351 _x:352/354(497.2)(094.5) _z351:352/354(497.2)(094.5) |
||
| 080 |
_aОсновни задачи на общественото управление _b351 _x:324(497.2)(094.5) _z351:324(497.2)(094.5) |
||
| 080 |
_aОсновни задачи на общественото управление _b351 _x:336.12:352(497.2)(094.5) _z351:336.12:352(497.2)(094.5) |
||
| 110 | 1 |
_aБългария. Закони и др. п. _9243213 |
|
| 139 |
_aБългария. Закони и др. п. _bБ 92 |
||
| 245 | 1 | 0 |
_aМестно самоуправление и местна администрация _bСб. нормат. актове |
| 257 | _aBGR | ||
| 260 |
_аСофия _bСиби _c2004 _fСофия : Симолини |
||
| 300 |
_a232 с. _c18 см |
||
| 380 | _a3 | ||
| 490 | 1 | _aПоредица Джобни издания | |
| 500 | _aОфс. изд. | ||
| 650 | 4 |
_aМестно управление - България - законодателни и директивни материали _9286512 |
|
| 650 | 4 |
_aБългария - административно-териториално деление - законодателни и директивни материали _9273806 |
|
| 650 | 4 |
_aИзбори - България - законодателни и директивни материали _9273805 |
|
| 650 | 4 |
_aБюджети, местни - България - законодателни и директивни материали _9286513 |
|
| 653 | _aместно самоуправление | ||
| 653 | _aадминистративно-териториално деление | ||
| 653 | _aзакони | ||
| 653 | _aизбори | ||
| 653 | _aбюджет | ||
| 653 | _aБългария | ||
| 653 | _aнормативни документи | ||
| 653 | _aадминистрация | ||
| 852 | _aЦб І 31230 | ||
| 856 | 4 |
_qpdf _u |
|
| 856 | 4 |
_qpdf _u |
|
| 942 |
_cKNG _n0 |
||
| 944 |
_aCR _c02.06.2004 _kЛюдмила_Стоянова |
||
| 944 |
_aED _c17.04.2008 _k |
||
| 999 |
_c108049 _d108049 |
||